<?xml version="1.0" encoding="UTF-8"?>
<record
    xmlns:xsi="http://www.w3.org/2001/XMLSchema-instance"
    xsi:schemaLocation="http://www.loc.gov/MARC21/slim http://www.loc.gov/standards/marcxml/schema/MARC21slim.xsd"
    xmlns="http://www.loc.gov/MARC21/slim">

  <leader>02648nam a2200325   4500</leader>
  <controlfield tag="001">113487</controlfield>
  <controlfield tag="003">DR-UNIBE</controlfield>
  <controlfield tag="005">20250428143945.0</controlfield>
  <controlfield tag="008">250424b2024    dr ||||| |||| 00| 0 spa d</controlfield>
  <datafield tag="020" ind1=" " ind2=" ">
    <subfield code="a">9789945251210</subfield>
  </datafield>
  <datafield tag="040" ind1=" " ind2=" ">
    <subfield code="a">BIBLIOTECA UNIBE</subfield>
    <subfield code="c">BIBLIOTECA UNIBE</subfield>
    <subfield code="b">spa</subfield>
    <subfield code="e">rda</subfield>
  </datafield>
  <datafield tag="041" ind1=" " ind2=" ">
    <subfield code="a">spa</subfield>
  </datafield>
  <datafield tag="082" ind1=" " ind2=" ">
    <subfield code="2">22</subfield>
    <subfield code="a">R RD 923.75 G377c  2024</subfield>
  </datafield>
  <datafield tag="100" ind1="1" ind2="0">
    <subfield code="a">Ger&#xF3;n, C&#xE1;ndido, </subfield>
    <subfield code="d">1950-</subfield>
    <subfield code="q">(Ara&#xFA;jo Ger&#xF3;n, C&#xE1;ndido)</subfield>
    <subfield code="9">24252</subfield>
    <subfield code="e">autor</subfield>
    <subfield code="e">cuidado de la edici&#xF3;n</subfield>
  </datafield>
  <datafield tag="245" ind1="1" ind2="0">
    <subfield code="a">Centenario de Gilberto Hern&#xE1;ndez Ortega : </subfield>
    <subfield code="b">1923-2023 / </subfield>
    <subfield code="c">C&#xE1;ndido Ger&#xF3;n ; cuidado de edici&#xF3;n : C&#xE1;ndido Ger&#xF3;n ; dise&#xF1;o general : Alexander Araujo Batista ; colaboradores : Gilberto Hern&#xE1;ndez hijo y Juan Julio Bodden ; fotograf&#xED;as : Gilberto Hern&#xE1;ndez hijo y Mariano Hern&#xE1;ndez.</subfield>
  </datafield>
  <datafield tag="250" ind1=" " ind2=" ">
    <subfield code="a">Primera edici&#xF3;n</subfield>
  </datafield>
  <datafield tag="260" ind1=" " ind2=" ">
    <subfield code="a">Santo Domingo : </subfield>
    <subfield code="b">Archivo General de la Naci&#xF3;n (AGN),</subfield>
    <subfield code="c">2024</subfield>
  </datafield>
  <datafield tag="490" ind1=" " ind2=" ">
    <subfield code="a">Archivo General de la Naci&#xF3;n ; </subfield>
    <subfield code="v">527</subfield>
  </datafield>
  <datafield tag="500" ind1=" " ind2=" ">
    <subfield code="a">Informaci&#xF3;n del autor en las solapas. Portada: sin t&#xED;tulo, &#xF3;leo sobre lienzo</subfield>
  </datafield>
  <datafield tag="505" ind1=" " ind2=" ">
    <subfield code="a">Introducci&#xF3;n.
Gilberto Hern&#xE1;ndez Ortega y el para&#xED;so de lo inefable |
Art&#xED;culos. 
Exposici&#xF3;n bienal de las artes pl&#xE1;sticas. Manuel Valldeperes |
En el Sal&#xF3;n de las Bellas Artes de Ciudad Trujillo. Gilberto Hern&#xE1;ndez Ortega, expone esta vez pinturas. Jacinto Gimbernard (padre) |
Hern&#xE1;ndez Ortega en al Galer&#xED;a Nacional. Manuel Valldeperes |
Gilberto Hern&#xE1;ndez Ortega. Un pintor con ojos de poeta. Antonio Fern&#xE1;ndez Spencer |
Suro y su mensaje pict&#xF3;rico. Antonio Fern&#xE1;ndez Spencer |
Cinco &#xF3;leos de Hern&#xE1;ndez Ortega. Jacinto Gimbernard (padre) |
Pintor dice que Am&#xE9;rica ha de glorificar sus valores. P. A. Reyes-Vargas |
La exposici&#xF3;n de G. Hern&#xE1;ndez Ortega. Freddy Miller |
En torno a la pintura de G. Hern&#xE1;ndez Ortega. Francisco Antonio Cruz |
La exposici&#xF3;n de G. Hern&#xE1;ndez Ortega. Jos&#xE9; Manuel G&#xF3;mez du-Breil |
Gilberto Hern&#xE1;ndez Ortega. Manuel Valerio |
Gilberto Hern&#xE1;ndez Ortega en la Galer&#xED;a de Bellas Artes. Franklin Mieses Burgos |
Homenaje a Hern&#xE1;ndez Ortega. Freddy Gat&#xF3;n Arce |
Biograf&#xED;a</subfield>
  </datafield>
  <datafield tag="600" ind1=" " ind2="7">
    <subfield code="2">lemb</subfield>
    <subfield code="a"> Hern&#xE1;ndez Ortega, Gilberto, </subfield>
    <subfield code="d">1924-1979 </subfield>
    <subfield code="9">194567</subfield>
    <subfield code="x">Biograf&#xED;as</subfield>
  </datafield>
  <datafield tag="600" ind1=" " ind2="7">
    <subfield code="2">lemb</subfield>
    <subfield code="a"> Hern&#xE1;ndez Ortega, Gilberto, </subfield>
    <subfield code="d">1924-1979 </subfield>
    <subfield code="9">194567</subfield>
    <subfield code="x">Vida y obra</subfield>
  </datafield>
  <datafield tag="650" ind1=" " ind2="7">
    <subfield code="2">lemb</subfield>
    <subfield code="a">Pintores dominicanos </subfield>
    <subfield code="x">Biograf&#xED;as</subfield>
    <subfield code="9">194635</subfield>
  </datafield>
  <datafield tag="650" ind1=" " ind2="7">
    <subfield code="2">lemb</subfield>
    <subfield code="a">Artistas dominicanos</subfield>
    <subfield code="x">Biograf&#xED;as</subfield>
    <subfield code="9">194636</subfield>
  </datafield>
  <datafield tag="700" ind1="1" ind2="0">
    <subfield code="a">Araujo Batista, Alexander</subfield>
    <subfield code="9">194544</subfield>
    <subfield code="e">dise&#xF1;ador general</subfield>
  </datafield>
  <datafield tag="700" ind1="1" ind2="0">
    <subfield code="a">Hern&#xE1;ndez, Gilberto (hijo) </subfield>
    <subfield code="9">194565</subfield>
    <subfield code="e">colaborador</subfield>
    <subfield code="e">fotogr&#xE1;fo</subfield>
  </datafield>
  <datafield tag="700" ind1="1" ind2="0">
    <subfield code="a"> Bodden, Juan Julio</subfield>
    <subfield code="9">194566</subfield>
    <subfield code="e">colaborador</subfield>
  </datafield>
  <datafield tag="700" ind1="1" ind2="0">
    <subfield code="a">Hern&#xE1;ndez, Mariano</subfield>
    <subfield code="9">20980</subfield>
    <subfield code="e">fot&#xF3;grafo</subfield>
  </datafield>
  <datafield tag="942" ind1=" " ind2=" ">
    <subfield code="2">ddc</subfield>
    <subfield code="c">BK</subfield>
  </datafield>
  <datafield tag="999" ind1=" " ind2=" ">
    <subfield code="c">113487</subfield>
    <subfield code="d">113487</subfield>
  </datafield>
  <datafield tag="952" ind1=" " ind2=" ">
    <subfield code="0">0</subfield>
    <subfield code="1">0</subfield>
    <subfield code="2">ddc</subfield>
    <subfield code="7">0</subfield>
    <subfield code="8">GEN-RD</subfield>
    <subfield code="a">Principal</subfield>
    <subfield code="d">2025-04-28</subfield>
    <subfield code="l">0</subfield>
    <subfield code="o">R RD 923.75 G377c  2024</subfield>
    <subfield code="p">250472</subfield>
    <subfield code="r">2025-04-24 14:28:13</subfield>
    <subfield code="t">Ej. 1</subfield>
    <subfield code="w">2025-04-24</subfield>
    <subfield code="y">BK</subfield>
  </datafield>
  <datafield tag="952" ind1=" " ind2=" ">
    <subfield code="0">0</subfield>
    <subfield code="1">0</subfield>
    <subfield code="2">ddc</subfield>
    <subfield code="7">0</subfield>
    <subfield code="8">GEN-RD</subfield>
    <subfield code="a">Principal</subfield>
    <subfield code="d">2025-04-28</subfield>
    <subfield code="l">0</subfield>
    <subfield code="o">R RD923.75 G377c  2024</subfield>
    <subfield code="p">250473</subfield>
    <subfield code="r">2025-04-24 14:28:13</subfield>
    <subfield code="t">Ej. 2</subfield>
    <subfield code="w">2025-04-24</subfield>
    <subfield code="y">BK</subfield>
  </datafield>
</record>
